2da muestra centroamericana/ (Record no. 4236)

MARC details
000 -LEADER
campo de control de longitud fija 01213nam a22003377a 4500
003 - IDENTIFICADOR DE NÚMERO DE CONTROL
campo de control OSt
005 - FECHA Y HORA DE LA ÚLTIMA TRANSACCIÓN
campo de control 20230830104541.0
008 - DATOS DE LONGITUD FIJA--INFORMACIÓN GENERAL
campo de control de longitud fija 221006b |||||||| |||| 00| 0 eng d
040 ## - FUENTE DE CATALOGACIÓN
Centro/agencia transcriptor Biblioteca Lado V
082 ## - NÚMERO DE LA CLASIFICACIÓN DECIMAL DEWEY
Número de clasificación 708
Número de ítem M986m
110 ## - ENTRADA PRINCIPAL--NOMBRE DE ENTIDAD CORPORATIVA
9 (RLIN) 159
Nombre de entidad corporativa o nombre de jurisdicción como elemento de entrada Museo de Arte y Diseño Contemporaneo
Término indicativo de función/relación autor
245 ## - MENCIÓN DEL TÍTULO
Título 2da muestra centroamericana/
Resto del título Arte emergente/
260 ## - PUBLICACIÓN, DISTRIBUCIÓN, ETC.
Nombre del editor, distribuidor, etc. Hivos
Fecha de publicación, distribución, etc. 2006
Lugar de publicación, distribución, etc. Costa Rica
300 ## - DESCRIPCIÓN FÍSICA
Dimensiones 14.5x21.5cm
Extensión 26p.
366 ## - INFORMACIÓN SOBRE DISPONIBILIDAD COMERCIAL
Nota spa
505 ## - NOTA DE CONTENIDO CON FORMATO
Título Otras emergencias en Costa Rica
505 ## - NOTA DE CONTENIDO CON FORMATO
Título Acta del Jurado
505 ## - NOTA DE CONTENIDO CON FORMATO
Título Artistas destacados
505 ## - NOTA DE CONTENIDO CON FORMATO
Título Menciones
505 ## - NOTA DE CONTENIDO CON FORMATO
Título Intervenciones en el Parque Metropolitano La Sabana
505 ## - NOTA DE CONTENIDO CON FORMATO
Título Actividades Paralelas
505 ## - NOTA DE CONTENIDO CON FORMATO
Título Curriculum Jurados
505 ## - NOTA DE CONTENIDO CON FORMATO
Título Algunos Datos de la 2da muestra centroamericana de Arte Emergente
505 ## - NOTA DE CONTENIDO CON FORMATO
Título 2da Muestra Centroamericana de Arte Emergente. Convocatoria
505 ## - NOTA DE CONTENIDO CON FORMATO
Título The Jury Act
505 ## - NOTA DE CONTENIDO CON FORMATO
Título Other emergencies in Central America
650 ## - PUNTO DE ACCESO ADICIONAL DE MATERIA--TÉRMINO DE MATERIA
Fuente del encabezamiento o término Tesauro de Arte & Arquitectura
Término de materia o nombre geográfico como elemento de entrada ARTE
9 (RLIN) 703
650 ## - PUNTO DE ACCESO ADICIONAL DE MATERIA--TÉRMINO DE MATERIA
Fuente del encabezamiento o término Tesauro de Arte & Arquitectura
Término de materia o nombre geográfico como elemento de entrada EXHIBICION
9 (RLIN) 702
650 ## - PUNTO DE ACCESO ADICIONAL DE MATERIA--TÉRMINO DE MATERIA
Fuente del encabezamiento o término Tesauro de Arte & Arquitectura
Término de materia o nombre geográfico como elemento de entrada ARTE EMERGENTE
9 (RLIN) 702
942 ## - ELEMENTOS DE ENTRADA SECUNDARIOS (KOHA)
Fuente del sistema de clasificación o colocación Clasificación Decimal Dewey
Tipo de ítem Koha Libros
Parte de la signatura que corresponde a la clasificación (Parte de la clasificación) 708
Parte de la signatura que identifica el ejemplar (Parte del ítem) M986m
Suprimir en OPAC No
Holdings
Estatus retirado Estado de pérdida Fuente del sistema de clasificación o colocación Especificación de materiales (volumen encuadernado u otra parte) Estado de daño No para préstamo Biblioteca de origen Biblioteca actual Fecha de adquisición Número de inventario Total de préstamos Signatura topográfica completa Código de barras Visto por última vez Precio de reemplazo Tipo de ítem Koha
    Clasificación Decimal Dewey 2006     Biblioteca LadoV Biblioteca LadoV 30/08/2023 002454   708 M986mu 002454 30/08/2023 30/08/2023 Libros